[Event "WchT Blitz Pool D"]
[Site "London"]
[Date "2025.06.14"]
[Round "1.3"]
[White "Pranav, V."]
[Black "Degenbaev, Aziz"]
[Result "1/2-1/2"]
[WhiteElo "2595"]
[BlackElo "2286"]
[PlyCount "248"]
[EventDate "2025.06.14"]
[EventType "team-tourn"]
[EventRounds "13"]
[EventCountry "ENG"]
[SourceTitle "CB25_2025"]
[SourceDate "2025.06.18"]
[SourceVersion "1"]
[SourceVersionDate "2025.06.18"]
[SourceQuality "1"]
[WhiteTeam "Team MGD1"]
[BlackTeam "Kyrgyzstan Noval Group"]
[WhiteTeamCountry "IND"]
[BlackTeamCountry "KGZ"]

1. e4 e6 2. d3 d5 3. Nd2 Nf6 4. Ngf3 Nc6 5. g3 dxe4 6. dxe4 e5 7. Bg2 Bc5 8. 0-0 0-0 9. Qe2 a5 10. Rd1 Qe7 11. Nc4 b6 12. Ne3 Bxe3 13. Bxe3 Ba6 14. Qe1 h6 15. a3 Rad8 16. Nh4 Nd4 17. Bxd4 exd4 18. Nf5 Qc5 19. b4 Qxc2 20. Nxd4 Qb2 21. Nc6 Rxd1 22. Rxd1 Re8 23. bxa5 Qxa3 24. axb6 cxb6 25. e5 Bb5 26. Nd4 Bc4 27. Bc6 Re7 28. Nf5 Re6 29. Rd6 Qc5 30. Rxe6 Bxe6 31. exf6 Bxf5 32. Qe8+ Qf8 33. Qe5 Bg6 34. fxg7 Qxg7 35. Qb8+ Qf8 36. Qxb6 Qd6 37. Qb7 Bf5 38. Kg2 Qe6 39. h4 Bh3+ 40. Kh2 Bf1 41. Bf3 Bc4 42. Qb8+ Kg7 43. Qf4 Bb5 44. Qd4+ Qf6 45. Qe3 Bd7 46. Bg2 Be6 47. Bc6 Qb2 48. Be4 Qf6 49. Kg2 Qe5 50. Qd3 Qf6 51. Bf3 Qf5 52. Qd4+ Qf6 53. Qe3 Qg6 54. g4 Qf6 55. Kg3 Qd8 56. Bg2 Qd7 57. Qe5+ Kg8 58. Bf3 Qd8 59. Be2 Qd7 60. h5 Qd2 61. Bf3 Qg5 62. Qd4 Qe7 63. Bg2 Qc7+ 64. f4 Qc2 65. f5 Qb3+ 66. Bf3 Bc4 67. Qd8+ Kh7 68. Qd4 Be2 69. Qe4 Bxf3 70. Qxf3 Qb8+ 71. Kh3 Qe5 72. f6 Qd4 73. Kg2 Qe5 74. Kf1 Qa1+ 75. Kf2 Qb2+ 76. Kg3 Qe5+ 77. Kh3 Qd4 78. Qf5+ Kg8 79. Kg2 Qb2+ 80. Kg3 Qc3+ 81. Qf3 Qe5+ 82. Kg2 Qb2+ 83. Kh3 Qd4 84. Kh4 Qe5 85. Qf2 Qg5+ 86. Kg3 Qe5+ 87. Kh3 Qc3+ 88. Kh4 Qe5 89. Kh3 Qc3+ 90. Kg2 Qe5 91. Qf3 Qb2+ 92. Kh3 Qe5 93. Qa8+ Kh7 94. Qf3 Kg8 95. Qf1 Qc3+ 96. Kg2 Qb2+ 97. Qf2 Qe5 98. Qf3 Qb2+ 99. Kf1 Qa1+ 100. Kf2 Qb2+ 101. Kg3 Qe5+ 102. Kh3 Qb2 103. Qf4 Qc3+ 104. Kg2 Qb2+ 105. Kf1 Qa1+ 106. Kf2 Qb2+ 107. Kg3 Qc3+ 108. Kg2 Qb2+ 109. Kh3 Qc3+ 110. Kg2 Qb2+ 111. Kf3 Qc3+ 112. Ke2 Qb2+ 113. Kd3 Qa3+ 114. Ke4 Qb4+ 115. Ke5 Qb8+ 116. Ke4 Qb4+ 117. Ke5 Qb8+ 118. Kf5 Qb5+ 119. Ke4 Qb4+ 120. Kf3 Qc3+ 121. Kg2 Qb2+ 122. Qf2 Qe5 123. Kh3 Qc3+ 124. Kh4 Qe5 1/2-1/2

[Event "WchT Rapid"]
[Site "London"]
[Date "2025.06.13"]
[Round "11.4"]
[White "Le, Tuan Minh"]
[Black "Pranav, V."]
[Result "0-1"]
[WhiteElo "2503"]
[BlackElo "2537"]
[PlyCount "226"]
[EventDate "2025.06.11"]
[EventType "team-swiss"]
[EventRounds "12"]
[EventCountry "ENG"]
[SourceTitle "CB25_2025"]
[SourceDate "2025.06.18"]
[SourceVersion "1"]
[SourceVersionDate "2025.06.18"]
[SourceQuality "1"]
[WhiteTeam "Theme Int Trading"]
[BlackTeam "Team MGD1"]
[WhiteTeamCountry "SIN"]
[BlackTeamCountry "IND"]

1. d4 Nf6 2. c4 e6 3. Nc3 Bb4 4. e3 0-0 5. Bd2 b6 6. Nf3 Bb7 7. Bd3 d6 8. 0-0 Nbd7 9. Rc1 Bxc3 10. Bxc3 Ne4 11. Be1 f5 12. Kh1 a5 13. Ng1 Qg5 14. f3 Nef6 15. Qd2 e5 16. d5 Nc5 17. Be2 Rae8 18. b3 Bc8 19. Bf2 Qh6 20. Bd1 Nh5 21. Bc2 f4 22. exf4 exf4 23. Rce1 Rxe1 24. Rxe1 Qf6 25. Ne2 Bf5 26. Nd4 Bxc2 27. Qxc2 Qf7 28. a3 Re8 29. Rxe8+ Qxe8 30. b4 axb4 31. axb4 Na6 32. Qb3 Nf6 33. Qa3 Nb8 34. Qa7 Qc8 35. b5 Nbd7 36. Ne6 Ne8 37. Bd4 Nf8 38. Ng5 Qd8 39. Ne4 h6 40. h3 Ng6 41. Qa1 Nh4 42. Qc1 Ng6 43. Qc2 Qe7 44. Kh2 Kf7 45. Nf2 Nf6 46. Nd3 Nh5 47. Bf2 Ne5 48. Nb4 g6 49. Nc6 Nxc6 50. bxc6 Ng7 51. Qd2 Qe5 52. Bd4 Qg5 53. Qe2 Kf8 54. Bf2 Qe7 55. Qd2 Qg5 56. Qa2 Qe7 57. Qd2 Qg5 58. Qe1 Qe7 59. Qa1 Kf7 60. Qc1 Qg5 61. Qd2 Ne8 62. Qd4 Nf6 63. Qa1 Kf8 64. Bxb6 Ne8 65. Bf2 Qf6 66. Qb1 Kf7 67. Qd3 Qe5 68. Bd4 Qe1 69. Qe4 Qg3+ 70. Kh1 Qg5 71. c5 Qf5 72. Qxf5+ gxf5 73. cxd6 cxd6 74. Bc3 Ke7 75. Bd2 Nc7 76. Bxf4 h5 77. Kh2 Nxd5 78. Bg5+ Kf7 79. Kg3 Kg6 80. Kh4 Nb6 81. c7 d5 82. Be3 Nc8 83. Bd4 f4 84. Bc5 Kh6 85. Bb4 Kg6 86. Bd2 Nd6 87. g4 fxg3 88. Kxg3 Kf5 89. Bb4 Nc8 90. Kh4 Kg6 91. Bc5 Kh6 92. Kg3 Kg5 93. f4+ Kf5 94. Bd4 Ke4 95. Bc5 d4 96. Bb4 d3 97. Bd2 Kd5 98. Kf3 Kc6 99. Ba5 Kb5 100. Bc3 Kc4 101. Be1 Kd4 102. Bd2 Ne7 103. Bb4 Nc8 104. Be1 Ne7 105. f5 Ke5 106. f6 d2 107. fxe7 d1Q+ 108. Kg2 Qd7 109. Bh4 Ke6 110. Bg5 Kf7 111. h4 Qxc7 112. Kf3 Qe5 113. Kf2 Kg6 0-1

[Event "WchT Rapid"]
[Site "London"]
[Date "2025.06.13"]
[Round "12.4"]
[White "Saric, Ivan"]
[Black "Pranav, V."]
[Result "0-1"]
[WhiteElo "2597"]
[BlackElo "2537"]
[PlyCount "72"]
[EventDate "2025.06.11"]
[EventType "team-swiss"]
[EventRounds "12"]
[EventCountry "ENG"]
[SourceTitle "CB25_2025"]
[SourceDate "2025.06.18"]
[SourceVersion "1"]
[SourceVersionDate "2025.06.18"]
[SourceQuality "1"]
[WhiteTeam "Malcolm's Mates"]
[BlackTeam "Team MGD1"]
[WhiteTeamCountry "ENG"]
[BlackTeamCountry "IND"]

1. e4 e5 2. Nf3 Nc6 3. Bb5 a6 4. Ba4 Nge7 5. Nc3 d6 6. Bb3 Na5 7. d4 Nxb3 8. axb3 Ng6 9. h4 h5 10. Bg5 f6 11. Be3 Bg4 12. Qd3 Be7 13. Ne2 Kf7 14. Ng3 Qd7 15. Nd2 exd4 16. Qxd4 c5 17. Qc4+ Be6 18. Qe2 d5 19. exd5 Qxd5 20. 0-0-0 Qc6 21. f4 f5 22. Nf3 a5 23. Ng5+ Bxg5 24. fxg5 a4 25. Rhf1 axb3 26. Nxf5 Ra1+ 27. Kd2 Rxd1+ 28. Kxd1 Rd8+ 29. Ke1 Kg8 30. cxb3 Qe4 31. Ng3 Qxh4 32. Bf2 Nf4 33. Qe4 Nxg2+ 34. Qxg2 Qb4+ 35. Ke2 Bg4+ 36. Ke3 Qd4# 0-1

[Event "FRA-chT Top 16 GpB"]
[Site "Belfort"]
[Date "2025.05.25"]
[Round "4.2"]
[White "Schmider, Niklas"]
[Black "Pranav, V."]
[Result "0-1"]
[WhiteElo "2421"]
[BlackElo "2621"]
[PlyCount "70"]
[EventDate "2025.05.22"]
[EventType "team-tourn"]
[EventRounds "7"]
[EventCountry "FRA"]
[SourceTitle "CB22_2025"]
[SourceDate "2025.05.28"]
[SourceVersion "1"]
[SourceVersionDate "2025.05.28"]
[SourceQuality "1"]
[WhiteTeam "Bischwiller"]
[BlackTeam "Grasse Echecs"]
[WhiteTeamCountry "FRA"]
[BlackTeamCountry "FRA"]

1. e4 e5 2. Nf3 Nc6 3. Bb5 Nge7 4. Nc3 Ng6 5. d4 exd4 6. Nxd4 Nxd4 7. Qxd4 c6 8. Be2 Qb6 9. Qd3 Be7 10. 0-0 0-0 11. a4 d6 12. Be3 Qa5 13. f4 f5 14. Qc4+ Kh8 15. b4 Qd8 16. exf5 Bxf5 17. g4 d5 18. Qb3 Bd7 19. f5 Bd6 20. Bc5 Be5 21. Rf2 Nf4 22. Kh1 Re8 23. Raf1 b6 24. Be3 Nh3 25. Rf3 Qh4 26. Bf2 Qxg4 27. f6 gxf6 28. Bg3 Qg7 29. Bxe5 Rxe5 30. Bd3 Rg8 31. Rg3 Qh6 32. Ne2 Rxg3 33. Nxg3 Qd2 34. Rxf6 Nf2+ 35. Kg1 Ng4 0-1

[Event "FRA-chT Top 16 GpB"]
[Site "Belfort"]
[Date "2025.05.23"]
[Round "2.1"]
[White "Pranav, V."]
[Black "Velten, Paul"]
[Result "1-0"]
[WhiteElo "2621"]
[BlackElo "2542"]
[PlyCount "137"]
[EventDate "2025.05.22"]
[EventType "team-tourn"]
[EventRounds "7"]
[EventCountry "FRA"]
[SourceTitle "CB22_2025"]
[SourceDate "2025.05.28"]
[SourceVersion "1"]
[SourceVersionDate "2025.05.28"]
[SourceQuality "1"]
[WhiteTeam "Grasse Echecs"]
[BlackTeam "Chalon"]
[WhiteTeamCountry "FRA"]
[BlackTeamCountry "FRA"]

1. e4 c6 2. d4 d5 3. e5 c5 4. Nf3 cxd4 5. Nxd4 Nc6 6. Nxc6 bxc6 7. Bd3 e6 8. 0-0 a5 9. Qe2 Ne7 10. Nd2 Ng6 11. Nf3 Be7 12. g3 0-0 13. h4 f6 14. exf6 Bxf6 15. h5 e5 16. hxg6 e4 17. Bxe4 dxe4 18. Qxe4 Re8 19. Qxc6 Ra6 20. Qc4+ Rae6 21. Re1 Ba6 22. Qxe6+ Rxe6 23. Rxe6 Bc8 24. Re1 Bb7 25. Nh2 hxg6 26. Be3 Qc8 27. f3 Qh3 28. Bf2 g5 29. Re8+ Kh7 30. Rd1 g4 31. Re3 Bh4 32. Nxg4 Bxg3 33. Rd4 Qh4 34. Rd2 Kg8 35. Bxg3 Qxg3+ 36. Rg2 Qf4 37. Kf2 a4 38. b3 a3 39. c4 Qd4 40. Kg3 g5 41. Rge2 Bc6 42. Ne5 Bb7 43. Kf2 Qh4+ 44. Kg1 Qd4 45. Kf1 Bc8 46. Nc6 Bh3+ 47. Kg1 Qc5 48. Ne7+ Kf8 49. Nd5 Qd4 50. Kh2 Bd7 51. Re4 Qh8+ 52. Kg1 Qa1+ 53. Kg2 Qh8 54. b4 Qh3+ 55. Kg1 Qh8 56. b5 Qa1+ 57. Kg2 Bf5 58. Re8+ Kg7 59. b6 g4 60. fxg4 Bxg4 61. Rf2 Qd1 62. b7 Bh3+ 63. Kh2 Qd4 64. Re7+ Kh6 65. Rf6+ Kh5 66. Rh7+ Kg5 67. Rg7+ Kh5 68. Nf4+ Kh4 69. Rh6# 1-0

[Event "Asia-ch Blitz"]
[Site "Al Ain"]
[Date "2025.05.10"]
[Round "8"]
[White "Pranav, V."]
[Black "Aradhya, Garg"]
[Result "1-0"]
[WhiteElo "2621"]
[BlackElo "2383"]
[PlyCount "67"]
[EventDate "2025.05.10"]
[EventType "swiss (blitz)"]
[EventRounds "9"]
[EventCountry "UAE"]
[SourceTitle "CB20_2025"]
[SourceDate "2025.05.14"]
[SourceVersion "1"]
[SourceVersionDate "2025.05.14"]
[SourceQuality "1"]

1. d4 d5 2. Bg5 h6 3. Bh4 c5 4. e3 Nc6 5. Nf3 g5 6. Bg3 Bg7 7. c3 Nf6 8. Nbd2 Bf5 9. dxc5 0-0 10. Bb5 Ne4 11. Nxe4 Bxe4 12. 0-0 Rc8 13. Nd4 Ne5 14. f3 Bh7 15. b4 a6 16. Be2 Nc4 17. Bxc4 dxc4 18. e4 Qd7 19. Bf2 Rfd8 20. Qe2 e5 21. Nc2 Qd3 22. Qxd3 Rxd3 23. Ne3 Kf8 24. Rac1 Rd2 25. a4 f6 26. Nxc4 Ra2 27. Ra1 Rxa1 28. Rxa1 Rd8 29. b5 Bg8 30. Nd6 Rd7 31. Nxb7 Rxb7 32. c6 Rc7 33. b6 Rxc6 34. b7 1-0